000 01009cab a2200241 4500
001 X89210
008 090401t1998 xxu||||| |||| 00| 0 eng d
035 _a(Sirsi) u83616
041 _aeng
245 _aR v SOS Environment ex parte Wakefield MBC
260 _c1998
350 _a0
490 _aProperty and Compensation Reports
_v[1998] 75 P&CR 78
520 _aQBD 16 October 1996. Town and Country Planning - judicial review - partial costs order against successful planning authority in planning appeal - evidential threshold for substantiating reasons for refusal - meaning of sufficient evidential basis - unreasonable conduct still possible notwithstanding that evidential threshold reached. (Headnote from Journal)
650 _aEVIDENTIAL THRESHOLD
650 _aJUDICIAL REVIEW
650 _aPLANNING APPEAL
650 _aPLANNING PERMISSION
650 _aR V SOS ENVIRONMENT EX P WAKEFIELD MBC
690 _aPLANNING LAW AND PRACTICE-CASE LAW
942 _n0
948 _c09/02/1998
999 _c52825
_d52825